Introduction to statistical mechanics (Record no. 1215660)

MARC details
000 -LEADER
fixed length control field 00959nam a2200289Ia 4500
003 - CONTROL NUMBER IDENTIFIER
control field OSt
005 - DATE AND TIME OF LATEST TRANSACTION
control field 20221007125646.0
008 - FIXED-LENGTH DATA ELEMENTS--GENERAL INFORMATION
fixed length control field 221006b |||||||| |||| 00| 0 eng d
020 ## - INTERNATIONAL STANDARD BOOK NUMBER
International Standard Book Number 8173197172 (pbk)
037 ## - SOURCE OF ACQUISITION
Terms of availability Textual
040 ## - CATALOGING SOURCE
Original cataloging agency CDL
Transcribing agency CDL
Language of cataloging eng
041 ## - LANGUAGE CODE
Source of code eng
Language code of text/sound track or separate title eng
100 ## - MAIN ENTRY--PERSONAL NAME
Personal name Sinha S K
245 #0 - TITLE STATEMENT
Title Introduction to statistical mechanics
260 ## - PUBLICATION, DISTRIBUTION, ETC.
Place of publication, distribution, etc. New
Name of publisher, distributor, etc. Delhi Narosa Publishing House
Date of publication, distribution, etc. 2005
300 ## - PHYSICAL DESCRIPTION
Extent xv, 450p.
Dimensions cm.
500 ## - GENERAL NOTE
General note Appendix A-G, 416-439p.; Bibliography 440-442p.; Index 443-450p.
650 ## - SUBJECT ADDED ENTRY--TOPICAL TERM
Topical term or geographic name entry element Mechanics
650 ## - SUBJECT ADDED ENTRY--TOPICAL TERM
Topical term or geographic name entry element Statistical mechanics
650 ## - SUBJECT ADDED ENTRY--TOPICAL TERM
Topical term or geographic name entry element Chemistry
942 ## - ADDED ENTRY ELEMENTS (KOHA)
Classification part CN2, P5 Carc
Koha item type Textual
Source of classification or shelving scheme Colon Classification (CC)
Holdings
Withdrawn status Lost status Source of classification or shelving scheme Damaged status Not for loan Home library Current library Date acquired Source of acquisition Total Checkouts Full call number Barcode Date last seen Price effective from Koha item type
    Colon Classification (CC)     Department of Chemistry Library Department of Chemistry Library 2022-10-07 2006/CRB/0000896, 23/08/2006, Narosa Book Distributors Pvt. Ltd.   CN2 P5 Carc CD0007318 2022-10-07 2022-10-07 Textual
Copyright @ Delhi University Library System